| 000 | 00551nam a2200193Ia 4500 | ||
|---|---|---|---|
| 003 | GCL | ||
| 008 | 140319s9999 xx 000 0 eng d | ||
| 040 |
_aGCL / _cGCL |
||
| 082 | 0 | 4 |
_a213.9 _bA I |
| 100 | 1 | _aACAR TANLAK | |
| 245 | 1 | 0 |
_aINTERNATIONAL DIRECTORY OF CULTURAL INSTITUTIONS / _cACAR TANLAK |
| 700 | 1 | _aAHMED LAJIMI | |
| 260 |
_aتركيا : _bRESEAR CENTRE FOR ISLAMIC HISTORY,ART AN ، _c1984 |
||
| 300 |
_a24 CM ؛ _c337 P |
||
| 650 | 0 | 4 | _aISLAM - CULTURE |
| 650 | 0 | 4 | _aINSTITUTIONS |
| 650 | 0 | 4 | _aINSTITUTIONS, ISLAM |
| 942 |
_2ddc _cBK |
||
| 999 |
_c8796 _d8796 |
||